[Event "13. Sparkassen Open 2014 - Gruppe B"]
[Site "Forchheim"]
[Date "2014.10.04"]
[Round "4.19"]
[White "Hoffmann, Sebastian"]
[Black "Glawe, Ralf"]
[Result "1/2-1/2"]
[WhiteElo "1713"]
[BlackElo "1996"]
[PlyCount "100"]
[EventDate "2014.??.??"]

1. e4 c5 2. Nf3 e6 3. c3 d5 4. exd5 Qxd5 5. d4 Nf6 6. Na3 cxd4 7. Nb5 Na6 8.
Nbxd4 Nc7 9. Be2 e5 10. Nb5 Qxd1+ 11. Kxd1 Nxb5 12. Bxb5+ Bd7 13. Bxd7+ Nxd7
14. Re1 O-O-O 15. Kc2 f6 16. Be3 Bc5 17. Rad1 Kc7 18. Nd2 Bxe3 19. Rxe3 Nc5 20.
Ne4 Rxd1 21. Kxd1 Rd8+ 22. Kc2 Ne6 23. Rh3 h6 24. Rf3 Kc6 25. g3 b6 26. h4 b5
27. b3 Rd7 28. Rd3 Rxd3 29. Kxd3 f5 30. Nd2 Kd5 31. f3 g6 32. c4+ bxc4+ 33.
bxc4+ Kc5 34. a3 Nd4 35. g4 Nxf3 36. gxf5 gxf5 37. Nxf3 e4+ 38. Ke3 exf3 39.
Kxf3 Kxc4 40. Kf4 Kb3 41. Ke5 Kxa3 42. Kxf5 Kb4 43. Kg6 Kb5 44. Kxh6 a5 45. Kg7
a4 46. h5 a3 47. h6 a2 48. h7 a1=Q+ 49. Kg8 Qg1+ 50. Kh8 Qb6 1/2-1/2

[Event "13. Sparkassen Open 2014 - Gruppe B"]
[Site "Forchheim"]
[Date "2014.10.04"]
[Round "4.20"]
[White "Fett, Helmut"]
[Black "Roser, Ludwig"]
[Result "1-0"]
[WhiteElo "1830"]
[BlackElo "1837"]
[PlyCount "56"]
[EventDate "2014.??.??"]

1. c4 d6 2. g3 Nf6 3. Bg2 c6 4. Nc3 Qc7 5. Nf3 e5 6. b3 Bf5 7. d3 Be7 8. Bb2
O-O 9. O-O Nbd7 10. Rc1 Rfe8 11. Nh4 Be6 12. d4 Nf8 13. dxe5 dxe5 14. Qc2 Rad8
15. Nf3 Ng6 16. Ng5 Bc8 17. Nge4 Nf8 18. Nxf6+ Bxf6 19. Ne4 Be7 20. c5 f5 21.
Nd2 Kh8 22. Nc4 Bxc5 23. Nxe5 Bxf2+ 24. Rxf2 Rxe5 25. Bxe5 Qxe5 26. e4 fxe4 27.
Bxe4 Be6 28. Rcf1 Kg8 1-0

[Event "13. Sparkassen Open 2014 - Gruppe B"]
[Site "Forchheim"]
[Date "2014.10.04"]
[Round "4.21"]
[White "Weißmann, Peter"]
[Black "Schwab, Edgar"]
[Result "0-1"]
[WhiteElo "1797"]
[BlackElo "1930"]
[PlyCount "96"]
[EventDate "2014.??.??"]

1. e4 e5 2. d4 exd4 3. Bc4 Nc6 4. Nf3 Nf6 5. e5 d5 6. Bb5 Ne4 7. Nxd4 Bd7 8.
Nxc6 bxc6 9. Bd3 Nc5 10. O-O Nxd3 11. Qxd3 Be7 12. Be3 O-O 13. c4 Be6 14. c5
Qd7 15. Nc3 Bf5 16. Qd2 Qe6 17. Bd4 Qg6 18. f4 f6 19. b4 Rad8 20. Rf3 Qe8 21.
Re1 Qd7 22. h3 fxe5 23. fxe5 Qe6 24. Kh2 Bg6 25. Ref1 Rxf3 26. Rxf3 Rf8 27.
Rxf8+ Kxf8 28. Qf4+ Kg8 29. b5 Be8 30. a4 Qf7 31. Qxf7+ Kxf7 32. bxc6 Bxc6 33.
Nb5 Bd8 34. Nxa7 Bxa4 35. c6 Ke6 36. g4 Bh4 37. Kg2 g6 38. Kf3 Bd1+ 39. Kg2 Be2
40. Nc8 Ba6 41. Na7 h5 42. gxh5 gxh5 43. Kg1 Bg3 44. Kg2 Bxe5 45. Bc5 d4 46.
Kf3 Kd5 47. Be7 d3 48. Ke3 Bd4+ 0-1

[Event "13. Sparkassen Open 2014 - Gruppe B"]
[Site "Forchheim"]
[Date "2014.10.04"]
[Round "4.22"]
[White "Schütz, Robert"]
[Black "Krenz, Sarah"]
[Result "1-0"]
[WhiteElo "1743"]
[BlackElo "1992"]
[PlyCount "47"]
[EventDate "2014.??.??"]

1. e4 d6 2. d4 Nf6 3. Nc3 g6 4. Nf3 Bg7 5. h3 O-O 6. Bc4 Nxe4 7. Nxe4 d5 8. Bd3
dxe4 9. Bxe4 c5 10. dxc5 Qa5+ 11. Bd2 Qxc5 12. c3 Qb5 13. Qc2 Rd8 14. Nd4 Qb6
15. Be3 Qa5 16. O-O Nd7 17. Rfd1 Nf6 18. Nb3 Rxd1+ 19. Rxd1 Qc7 20. Bf3 Bf5 21.
Qd2 Be4 22. Bxe4 Nxe4 23. Qd7 Rc8 24. Qxc7 1-0

[Event "13. Sparkassen Open 2014 - Gruppe B"]
[Site "Forchheim"]
[Date "2014.10.04"]
[Round "4.23"]
[White "Meulner, Fabian"]
[Black "Goda, Frederic"]
[Result "1-0"]
[WhiteElo "1939"]
[BlackElo "1718"]
[PlyCount "99"]
[EventDate "2014.??.??"]

1. d4 d5 2. c4 c6 3. Nf3 e6 4. Nbd2 Nf6 5. g3 c5 6. Bg2 Nc6 7. dxc5 Bxc5 8. O-O
O-O 9. b3 Qb6 10. cxd5 exd5 11. Bb2 Ne4 12. Nxe4 dxe4 13. Ng5 Rd8 14. Qc2 Nd4
15. Qxe4 Bf5 16. Qxb7 Nxe2+ 17. Kh1 Qg6 18. Nf3 Rab8 19. Qc7 Rbc8 20. Qe5 Re8
21. Nh4 Rxe5 22. Nxg6 Re6 23. Nh4 Bd3 24. Bh3 Rh6 25. Bxc8 Bxf2 26. Kg2 Bb6 27.
Bb7 g5 28. Nf5 Re6 29. Bd5 Nf4+ 30. gxf4 Re2+ 31. Kf3 Rxb2 32. Ne7+ Kf8 33.
Rfe1 Rf2+ 34. Kg3 gxf4+ 35. Kg4 Bd8 36. Nc6 f5+ 37. Kh3 Bf6 38. Rac1 Be2 39.
Rxe2 Rxe2 40. a4 Rd2 41. Bc4 f3 42. Rf1 f2 43. Nxa7 Rd4 44. Rxf2 Rh4+ 45. Kg2
Rg4+ 46. Kf1 f4 47. Nc6 Ke8 48. Ke2 Kd7 49. Kf3 Rg6 50. Nb4 1-0

[Event "13. Sparkassen Open 2014 - Gruppe B"]
[Site "Forchheim"]
[Date "2014.10.04"]
[Round "4.24"]
[White "Kilian, Markus"]
[Black "Krasotin, Valentin"]
[Result "1-0"]
[WhiteElo "2017"]
[BlackElo "1656"]
[PlyCount "45"]
[EventDate "2014.??.??"]

1. d4 Nf6 2. c4 g6 3. Nc3 d5 4. cxd5 Nxd5 5. e4 Nxc3 6. bxc3 Bg7 7. Bc4 c5 8.
Ne2 Nc6 9. Be3 O-O 10. O-O Qa5 11. Rb1 a6 12. a4 Rd8 13. Qb3 e6 14. d5 exd5 15.
Bxd5 Ne5 16. f4 c4 17. Qb6 Nc6 18. Qxa5 Nxa5 19. Bb6 Nb3 20. Bxd8 Nd2 21. Rbd1
Nxf1 22. Kxf1 Bg4 23. Ba5 1-0

[Event "13. Sparkassen Open 2014 - Gruppe B"]
[Site "Forchheim"]
[Date "2014.10.04"]
[Round "4.25"]
[White "Wieczorek, Heinz"]
[Black "Bachhuber, Dominik"]
[Result "0-1"]
[WhiteElo "1825"]
[BlackElo "1915"]
[PlyCount "68"]
[EventDate "2014.??.??"]

1. e4 c6 2. d4 d5 3. e5 c5 4. Nf3 Nc6 5. c3 Bg4 6. Be2 e6 7. O-O cxd4 8. cxd4
Qb6 9. Nc3 Bxf3 10. Bxf3 Qxd4 11. Qb3 Qb4 12. Bxd5 exd5 13. Qxd5 Nge7 14. Qd1
Rd8 15. Qh5 g6 16. Qe2 Bg7 17. f4 Nd4 18. Qe4 O-O 19. Be3 Nec6 20. Kh1 Qxb2 21.
Rfc1 Ne2 22. Na4 Qb4 23. Rc4 Qa5 24. Bc5 b5 25. Bxf8 bxc4 26. Bxg7 Qxa4 27.
Qxe2 Kxg7 28. h4 c3 29. e6 Re8 30. Qd3 Rxe6 31. Qxc3+ Qd4 32. Qc1 Re4 33. g3
Re2 34. Qf1 Qe4+ 0-1

[Event "13. Sparkassen Open 2014 - Gruppe B"]
[Site "Forchheim"]
[Date "2014.10.04"]
[Round "4.26"]
[White "Fieberg, Christoph"]
[Black "Schulz, Horst"]
[Result "1-0"]
[WhiteElo "1912"]
[BlackElo "1728"]
[PlyCount "69"]
[EventDate "2014.??.??"]

1. e4 e5 2. Nf3 d6 3. d4 exd4 4. Nxd4 Be7 5. Bc4 Nf6 6. Nc3 O-O 7. f3 Nbd7 8.
Bg5 h6 9. Bh4 Ne5 10. Bb3 a6 11. Bg3 Nh5 12. Nf5 Nxg3 13. Nxe7+ Qxe7 14. hxg3
Be6 15. Qd2 Rad8 16. O-O-O Rd7 17. Ne2 c5 18. Bd5 Qf6 19. Nf4 Nc4 20. Bxc4 Bxc4
21. Nd5 Bxd5 22. Qxd5 Rfd8 23. Rh5 b5 24. Qc6 Qg6 25. g4 Qf6 26. Rf5 Qe6 27.
Rfd5 Qf6 28. e5 Qf4+ 29. Kb1 Qg3 30. Rxd6 Rxd6 31. exd6 Qxg2 32. Qc7 Rf8 33. d7
Qxf3 34. Qd6 Qxg4 35. Qxf8+ 1-0

[Event "13. Sparkassen Open 2014 - Gruppe B"]
[Site "Forchheim"]
[Date "2014.10.04"]
[Round "4.27"]
[White "Vinogradov, Anatoli"]
[Black "Thürauf, Peter"]
[Result "1-0"]
[WhiteElo "1802"]
[BlackElo "1854"]
[PlyCount "55"]
[EventDate "2014.??.??"]

1. d4 d5 2. c4 e6 3. Nc3 Nf6 4. Bg5 Be7 5. e3 O-O 6. Nf3 h6 7. Bh4 b6 8. Rc1 c5
9. cxd5 exd5 10. dxc5 bxc5 11. Bxf6 Bxf6 12. Nxd5 Bxb2 13. Rxc5 Ba3 14. Rc2 Bf5
15. Rd2 Qa5 16. Bc4 Qc5 17. Bb3 Bc1 18. Rd4 Nc6 19. Rc4 Qa5+ 20. Ke2 Rad8 21.
e4 Bxe4 22. Rxe4 Rde8 23. Rxe8 Qb5+ 24. Qd3 Rxe8+ 25. Ne3 Qc5 26. Qc4 Rxe3+ 27.
fxe3 Qxe3+ 28. Kd1 1-0

[Event "13. Sparkassen Open 2014 - Gruppe B"]
[Site "Forchheim"]
[Date "2014.10.04"]
[Round "4.28"]
[White "Rierl, Klaus"]
[Black "Semenova, Alisa"]
[Result "1/2-1/2"]
[WhiteElo "1793"]
[BlackElo "1607"]
[PlyCount "45"]
[EventDate "2014.??.??"]

1. Nf3 d5 2. d4 e6 3. e3 c6 4. Nbd2 f5 5. Be2 Nf6 6. O-O Bd6 7. c4 O-O 8. c5
Bc7 9. b4 a6 10. Bb2 Ne4 11. Ne5 Nd7 12. f3 Nxd2 13. Qxd2 Qf6 14. f4 Qe7 15.
Nxd7 Bxd7 16. Rf3 Rf6 17. Rh3 Rg6 18. Bc3 Rf8 19. Rf1 Rff6 20. Bd1 Rh6 21. Rxh6
Rxh6 22. Qf2 Qf6 23. Bf3 1/2-1/2

[Event "13. Sparkassen Open 2014 - Gruppe B"]
[Site "Forchheim"]
[Date "2014.10.04"]
[Round "4.30"]
[White "Mantel, Hubert"]
[Black "Li, Simon"]
[Result "1/2-1/2"]
[WhiteElo "1653"]
[BlackElo "1814"]
[PlyCount "48"]
[EventDate "2014.??.??"]

1. e4 c5 2. Nc3 Nc6 3. g3 g6 4. Bg2 Bg7 5. d3 d6 6. Be3 e6 7. Qd2 Rb8 8. h4 Nf6
9. Bh6 O-O 10. Bxg7 Kxg7 11. Nf3 h5 12. O-O b5 13. Rfe1 b4 14. Ne2 a5 15. Nf4
a4 16. e5 dxe5 17. Nxe5 Nxe5 18. Rxe5 Qd4 19. Rae1 Qxb2 20. Nxh5+ Nxh5 21. Rxh5
gxh5 22. Qg5+ Kh8 23. Qxh5+ Kg8 24. Re5 f5 1/2-1/2

[Event "13. Sparkassen Open 2014 - Gruppe B"]
[Site "Forchheim"]
[Date "2014.10.04"]
[Round "4.31"]
[White "Schlötterer, Hermann"]
[Black "Weidenhöfer, Robert"]
[Result "1-0"]
[WhiteElo "1915"]
[BlackElo "1771"]
[PlyCount "119"]
[EventDate "2014.??.??"]

1. d4 b6 2. Nf3 Bb7 3. g3 e6 4. Bg2 Nf6 5. O-O c5 6. Bg5 d5 7. c4 dxc4 8. Qa4+
Bc6 9. Qxc4 Be7 10. Nc3 O-O 11. Rfd1 Nd5 12. Bxe7 Qxe7 13. Ne5 Bb7 14. Nxd5
exd5 15. Bxd5 Bxd5 16. Qxd5 Na6 17. e4 Nb4 18. Qc4 Rac8 19. Rac1 a6 20. dxc5
Qxe5 21. Qxb4 bxc5 22. Qb7 Rb8 23. Qxa6 Rxb2 24. Qc4 Rb4 25. Qxc5 Qxc5 26. Rxc5
Rxe4 27. Ra5 Re2 28. Ra7 g6 29. Rdd7 Kg7 30. Kg2 Re5 31. g4 h5 32. h3 hxg4 33.
hxg4 Rc5 34. a4 Rc4 35. Kg3 Rc3+ 36. f3 g5 37. Rdb7 Rc4 38. Rb5 Kg6 39. a5 f6
40. Rbb7 Rg8 41. Rh7 Ra4 42. a6 Rxa6 43. Rxa6 Kxh7 44. Rxf6 Rg6 45. Rf5 Kh6 46.
Re5 Rf6 47. Re4 Kg6 48. Rd4 Rf7 49. Kf2 Rf6 50. Ke3 Re6+ 51. Re4 Rf6 52. Re5
Kh6 53. Rf5 Kg6 54. Rxf6+ Kxf6 55. Kd4 Ke6 56. Ke4 Kf6 57. Kd5 Kf7 58. Ke5 Kg6
59. Ke6 Kg7 60. Kf5 1-0

[Event "13. Sparkassen Open 2014 - Gruppe B"]
[Site "Forchheim"]
[Date "2014.10.04"]
[Round "4.32"]
[White "Paeslack, Luis"]
[Black "Langer, Simon"]
[Result "0-1"]
[WhiteElo "1815"]
[BlackElo "1864"]
[PlyCount "68"]
[EventDate "2014.??.??"]

1. e4 c5 2. c3 e6 3. d4 cxd4 4. cxd4 d5 5. exd5 exd5 6. Nf3 Nf6 7. Be2 Bb4+ 8.
Bd2 Bd6 9. Nc3 O-O 10. O-O Nc6 11. Be3 Bg4 12. Bg5 Be7 13. h3 Bh5 14. Re1 h6
15. Bh4 g5 16. Bg3 Ne4 17. Bh2 Bb4 18. Qb3 Qa5 19. Rac1 Bxf3 20. Bxf3 Nxd4 21.
Qxd5 Qxd5 22. Nxd5 Nxf3+ 23. gxf3 Bxe1 24. fxe4 Ba5 25. Be5 Rfd8 26. Nf6+ Kf8
27. Bc7 Rac8 28. Nd5 Rxd5 29. exd5 Rxc7 30. Rxc7 Bxc7 31. Kg2 Ke7 32. Kf3 f5
33. Ke3 Kd6 34. Kd4 Bb6+ 0-1

[Event "13. Sparkassen Open 2014 - Gruppe B"]
[Site "Forchheim"]
[Date "2014.10.04"]
[Round "4.33"]
[White "Novak, Josua"]
[Black "Gheng, Dominik"]
[Result "0-1"]
[WhiteElo "1937"]
[BlackElo "1733"]
[PlyCount "46"]
[EventDate "2014.??.??"]

1. e4 e5 2. Nf3 Nc6 3. d4 exd4 4. Nxd4 Nf6 5. Nxc6 bxc6 6. e5 Nd5 7. c4 Bb4+ 8.
Bd2 Bxd2+ 9. Nxd2 Ne7 10. g3 Ng6 11. f4 d6 12. Bg2 Bb7 13. exd6 cxd6 14. Qe2+
Qe7 15. Qxe7+ Kxe7 16. O-O-O Rhe8 17. Ne4 Rad8 18. Rhe1 Kf8 19. Nc3 Rxe1 20.
Rxe1 d5 21. cxd5 cxd5 22. Rd1 Ne7 23. Rd4 f5 {
Partieformular unleserlich. Sieg Schwarz im 66. Zug.} 0-1

[Event "13. Sparkassen Open 2014 - Gruppe B"]
[Site "Forchheim"]
[Date "2014.10.04"]
[Round "4.34"]
[White "Askri, Samir"]
[Black "Löllmann, Heinrich"]
[Result "0-1"]
[WhiteElo "1865"]
[BlackElo "1832"]
[PlyCount "70"]
[EventDate "2014.??.??"]

1. d4 Nf6 2. c4 e6 3. Nf3 d5 4. Nc3 Be7 5. Bg5 O-O 6. cxd5 exd5 7. e3 c6 8. Qc2
Bg4 9. Bd3 h6 10. Bh4 Nbd7 11. h3 Be6 12. O-O-O b5 13. Ne5 Nxe5 14. dxe5 Nd7
15. Bxe7 Qxe7 16. f4 f5 17. exf6 Qxf6 18. Ne2 b4 19. Kb1 Rfc8 20. Nd4 Bf7 21.
Bf5 Qd6 22. g4 Rab8 23. Rhg1 c5 24. Nf3 b3 25. axb3 d4 26. Ne5 Bxb3 27. Bh7+
Kf8 28. Qf5+ Nf6 29. g5 Be6 30. Qg6 Qd5 31. Nd3 Qa2+ 32. Kc1 dxe3 33. gxh6 Qa1+
34. Kc2 Bb3+ 35. Kc3 Nd5# 0-1

[Event "13. Sparkassen Open 2014 - Gruppe B"]
[Site "Forchheim"]
[Date "2014.10.04"]
[Round "4.35"]
[White "Lober, Wolfgang"]
[Black "Heinkelmann, Josef"]
[Result "1/2-1/2"]
[WhiteElo "1711"]
[BlackElo "1853"]
[PlyCount "29"]
[EventDate "2014.??.??"]

1. d4 Nf6 2. c4 c5 3. d5 b5 4. cxb5 a6 5. bxa6 Bxa6 6. Nc3 g6 7. Nf3 Bg7 8. e4
Bxf1 9. Kxf1 d6 10. g3 O-O 11. Kg2 Nbd7 12. Bd2 Qb6 13. Qc2 Rfb8 14. Rhb1 Qa6
15. a4 1/2-1/2

[Event "13. Sparkassen Open 2014 - Gruppe B"]
[Site "Forchheim"]
[Date "2014.10.04"]
[Round "4.36"]
[White "Braun, Kristin"]
[Black "Wolf, Pablo"]
[Result "1/2-1/2"]
[WhiteElo "1793"]
[BlackElo "1635"]
[PlyCount "41"]
[EventDate "2014.??.??"]

1. Nf3 d5 2. g3 Nf6 3. Bg2 c5 4. d3 Nc6 5. O-O e6 6. e3 b6 7. Nc3 Bb7 8. e4 d4
9. Ne2 e5 10. Nh4 h6 11. Bd2 g6 12. Qc1 Bg7 13. f4 exf4 14. Nxf4 O-O 15. Nhxg6
fxg6 16. Ne6 Qe7 17. Nxf8 Rxf8 18. Bxh6 Ng4 19. Rxf8+ Qxf8 20. Bf4 Be5 21. a3
1/2-1/2

[Event "13. Sparkassen Open 2014 - Gruppe B"]
[Site "Forchheim"]
[Date "2014.10.04"]
[Round "4.37"]
[White "Gebhardt, Christian"]
[Black "Walter, Manfred"]
[Result "1-0"]
[WhiteElo "1845"]
[BlackElo "1753"]
[PlyCount "61"]
[EventDate "2014.??.??"]

1. e4 d6 2. d4 Nf6 3. Nc3 e5 4. dxe5 dxe5 5. Qxd8+ Kxd8 6. Nf3 Bd6 7. Bg5 c6 8.
O-O-O Ke7 9. Bc4 Be6 10. Bxe6 Kxe6 11. Nh4 Bc7 12. Rd3 g6 13. Rhd1 Nbd7 14. f3
Nc5 15. R3d2 a5 16. Be3 Na6 17. Na4 Rad8 18. Bb6 Rd7 19. Bxc7 Rxd2 20. Rxd2
Nxc7 21. Nc5+ Ke7 22. Nxb7 Ra8 23. Nc5 Nb5 24. g3 a4 25. Ng2 a3 26. Ne3 Nd4 27.
Rf2 Kd6 28. b4 Nd7 29. Nc4+ Ke7 30. Nxd7 Kxd7 31. Nb6+ 1-0

[Event "13. Sparkassen Open 2014 - Gruppe B"]
[Site "Forchheim"]
[Date "2014.10.04"]
[Round "4.38"]
[White "Delere, Adrian"]
[Black "Pribylova, Sofie"]
[Result "1-0"]
[WhiteElo "1590"]
[BlackElo "1775"]
[PlyCount "69"]
[EventDate "2014.??.??"]

1. e4 c5 2. Nf3 d6 3. d4 cxd4 4. Nxd4 Nf6 5. Nc3 a6 6. f3 h5 7. Be3 e5 8. Nb3
Be6 9. Qd2 Nbd7 10. Be2 Rc8 11. O-O-O Nb6 12. f4 Qc7 13. Kb1 Nc4 14. Bxc4 Bxc4
15. Nd5 Bxd5 16. exd5 Ng4 17. fxe5 Nxe5 18. Bd4 g6 19. Bxe5 dxe5 20. d6 Qd7 21.
Qd5 Bg7 22. Nc5 Rxc5 23. Qxc5 O-O 24. Qc7 Qb5 25. d7 e4 26. c3 Be5 27. Qc8 Bf6
28. d8=Q Bxd8 29. Rxd8 Rxd8 30. Qxd8+ Kg7 31. Qd4+ Kg8 32. Qxe4 a5 33. Re1 a4
34. Qe8+ Qxe8 35. Rxe8+ 1-0

[Event "13. Sparkassen Open 2014 - Gruppe B"]
[Site "Forchheim"]
[Date "2014.10.04"]
[Round "4.39"]
[White "Rosenhain, Thomas"]
[Black "Babichev, Vyacheslav"]
[Result "1-0"]
[WhiteElo "1621"]
[BlackElo "1852"]
[PlyCount "49"]
[EventDate "2014.??.??"]

1. e4 g6 2. d4 Bg7 3. Nc3 d6 4. Be3 Nf6 5. f3 O-O 6. h4 h5 7. Qd2 Kh7 8. Nh3
Ng8 9. Ng5+ Kh8 10. Bc4 e6 11. O-O-O Qe7 12. g4 Nf6 13. e5 dxe5 14. dxe5 Nfd7
15. f4 Nb6 16. Bb3 Nc6 17. gxh5 Rd8 18. Qe2 Rxd1+ 19. Rxd1 Na5 20. hxg6 Nxb3+
21. axb3 fxg6 22. h5 gxh5 23. Rd8+ Bf8 24. Bc5 Qxd8 25. Qxh5+ 1-0

[Event "13. Sparkassen Open 2014 - Gruppe B"]
[Site "Forchheim"]
[Date "2014.10.04"]
[Round "4.40"]
[White "Rieck, Timo"]
[Black "Reichel, Günther"]
[Result "1-0"]
[WhiteElo "1760"]
[BlackElo "1742"]
[PlyCount "51"]
[EventDate "2014.??.??"]

1. c4 e6 2. Nc3 f5 3. g3 Nf6 4. Bg2 Nc6 5. e3 Bb4 6. Nge2 O-O 7. O-O Qe8 8. f4
a6 9. a3 Bc5 10. b4 Ba7 11. h3 Ne7 12. b5 d5 13. bxa6 c6 14. axb7 Bxb7 15. cxd5
cxd5 16. d4 Ba6 17. Rf2 Ne4 18. Nxe4 fxe4 19. Bd2 Nf5 20. g4 Nh4 21. Ng3 Bd3
22. Bb4 Rf7 23. Bd6 Bb8 24. Bxb8 Qxb8 25. Bf1 Nf3+ 26. Rxf3 1-0

[Event "13. Sparkassen Open 2014 - Gruppe B"]
[Site "Forchheim"]
[Date "2014.10.04"]
[Round "4.41"]
[White "Kornitzky, Tino"]
[Black "Meckel, Helmut"]
[Result "0-1"]
[WhiteElo "1551"]
[BlackElo "1832"]
[PlyCount "54"]
[EventDate "2014.??.??"]

1. d4 Nf6 2. c4 e6 3. Nc3 Bb4 4. e3 c5 5. Bd3 Nc6 6. Nf3 d5 7. cxd5 exd5 8. Qc2
c4 9. Be2 Ne4 10. Bd2 Nxd2 11. Qxd2 O-O 12. O-O a6 13. Qc2 b5 14. e4 dxe4 15.
Qxe4 Bb7 16. Qg4 f5 17. Qf4 Bd6 18. Qd2 Qb6 19. Rad1 Rad8 20. Ng5 Nxd4 21. Qxd4
Bxh2+ 22. Kxh2 Rxd4 23. Rxd4 Qxd4 24. Rd1 Qf4+ 25. Kh3 Qxg5 26. g3 Qh6+ 27. Bh5
Qxh5# 0-1

[Event "13. Sparkassen Open 2014 - Gruppe B"]
[Site "Forchheim"]
[Date "2014.10.04"]
[Round "4.42"]
[White "Bauer-Debor, T."]
[Black "Tschammer, Kai"]
[Result "1-0"]
[WhiteElo "1738"]
[BlackElo "1668"]
[PlyCount "65"]
[EventDate "2014.??.??"]

1. e4 e5 2. Nc3 Nc6 3. Bc4 Nf6 4. d3 Be7 5. Nge2 d6 6. O-O O-O 7. a3 Be6 8. Ba2
d5 9. Ng3 Bc5 10. h3 Qd7 11. Na4 Be7 12. Bg5 h6 13. Bxf6 Bxf6 14. Nc5 Qc8 15.
exd5 Be7 16. Nce4 Bxd5 17. Bxd5 Kh8 18. Qe1 f5 19. Nc3 f4 20. Nh1 Bd6 21. Ne4
Be7 22. f3 Qe8 23. Qc3 Bh4 24. Bxc6 bxc6 25. g4 fxg3 26. Kg2 Qe6 27. Rae1 Rf7
28. Nc5 Qd6 29. Re4 Be7 30. Nb3 Raf8 31. Nd2 Bg5 32. Nc4 Qc5 33. Nxe5 1-0

[Event "13. Sparkassen Open 2014 - Gruppe B"]
[Site "Forchheim"]
[Date "2014.10.04"]
[Round "4.43"]
[White "Jacob, Karl Heinz"]
[Black "Ott, Hans"]
[Result "1/2-1/2"]
[WhiteElo "1716"]
[BlackElo "1597"]
[PlyCount "41"]
[EventDate "2014.??.??"]

1. Nf3 Nf6 2. g3 g6 3. Bg2 Bg7 4. O-O O-O 5. c4 d6 6. d4 Nbd7 7. Nc3 c5 8. e3
a6 9. Qc2 Qc7 10. b3 Rb8 11. a4 b6 12. Bb2 Bb7 13. d5 e5 14. dxe6 fxe6 15. e4
Rfe8 16. Ng5 Nf8 17. Rad1 h6 18. Nh3 e5 19. f3 Ne6 20. Ne2 Nd4 21. Nxd4 1/2-1/2

[Event "13. Sparkassen Open 2014 - Gruppe B"]
[Site "Forchheim"]
[Date "2014.10.04"]
[Round "4.44"]
[White "Scheuerer, Werner"]
[Black "Krammer, Werner"]
[Result "1-0"]
[WhiteElo "1936"]
[BlackElo "1529"]
[PlyCount "71"]
[EventDate "2014.??.??"]

1. f4 e6 2. Nf3 d5 3. e3 c5 4. Be2 Nc6 5. O-O Bd6 6. d3 Nge7 7. e4 dxe4 8. dxe4
O-O 9. Nc3 a6 10. e5 Bc7 11. Be3 b6 12. a3 Bb7 13. Bd3 Nd5 14. Nxd5 exd5 15.
Bxh7+ Kh8 16. Bf5 d4 17. Ng5 g6 18. Bc1 Ne7 19. Be4 Bxe4 20. Nxe4 Kg7 21. Ng5
Rh8 22. e6 Qd5 23. exf7 Rh6 24. Qf3 Rah8 25. Qxd5 Nxd5 26. h3 Bd6 27. Bd2 Be7
28. Rae1 Bxg5 29. fxg5 R6h7 30. Re8 Rf8 31. Re5 Nc7 32. Re7 Nd5 33. Rd7 Ne3 34.
Bxe3 dxe3 35. Rf4 Rhh8 36. Kf1 1-0

[Event "13. Sparkassen Open 2014 - Gruppe B"]
[Site "Forchheim"]
[Date "2014.10.04"]
[Round "4.45"]
[White "Meth, Matthias"]
[Black "Halfmann, Peter"]
[Result "1-0"]
[WhiteElo "1504"]
[BlackElo "1862"]
[PlyCount "59"]
[EventDate "2014.??.??"]

1. d4 d5 2. c4 c6 3. Nc3 e6 4. Nf3 Nf6 5. Bg5 dxc4 6. e4 b5 7. e5 h6 8. Bh4 g5
9. exf6 gxh4 10. a4 Bb4 11. axb5 cxb5 12. Be2 Bb7 13. O-O Bxc3 14. bxc3 Qxf6
15. Ne5 O-O 16. Bh5 Kh8 17. f4 a6 18. Qc2 Bd5 19. Bf3 Rg8 20. Bxd5 exd5 21. Qe2
Ra7 22. Qf3 Rd8 23. f5 Nd7 24. Ng4 Qg5 25. f6 Nb6 26. Rae1 Na4 27. Re5 Qg6 28.
Nxh6 Qxh6 29. Rh5 Kh7 30. Qf5+ 1-0

[Event "13. Sparkassen Open 2014 - Gruppe B"]
[Site "Forchheim"]
[Date "2014.10.04"]
[Round "4.46"]
[White "Unkelbach, Manfred"]
[Black "Bauschke, Norman"]
[Result "0-1"]
[WhiteElo "1926"]
[BlackElo "1623"]
[PlyCount "120"]
[EventDate "2014.??.??"]

1. d4 Nf6 2. Nf3 g6 3. Bg5 Bg7 4. Nbd2 d5 5. e3 O-O 6. c3 Bg4 7. Bd3 Re8 8. h3
Bxf3 9. Nxf3 Nbd7 10. O-O h6 11. Bf4 c6 12. Qc2 Kh7 13. Be5 c5 14. Bb5 Nxe5 15.
Bxe8 Nxf3+ 16. gxf3 Qxe8 17. dxc5 Qd7 18. Kh2 Qc7+ 19. Kg2 Qxc5 20. Rad1 e5 21.
Rh1 Rd8 22. h4 e4 23. f4 h5 24. Qb3 b5 25. Rd2 a5 26. Qd1 Ng4 27. Qe2 f5 28.
Kg3 Bf8 29. Rc1 Qb6 30. Rcd1 Nf6 31. Rc2 Be7 32. Rcd2 Kg7 33. Rg1 Kf7 34. Qd1
Ke6 35. Qb3 a4 36. Qd1 Ng4 37. Re1 Rd7 38. a3 Qd8 39. Qe2 Bxh4+ 40. Kg2 Bxf2
41. Rh1 Bxe3 42. Rdd1 Bxf4 43. Rh3 Qg5 44. Kh1 e3 45. Rf1 Rb7 46. Rd1 Kd6 47.
Rf1 Nf2+ 48. Rxf2 exf2 49. Qxf2 Qg4 50. Rf3 Qg5 51. Rxf4 Rc7 52. Qb6+ Rc6 53.
Qb8+ Kd7 54. Qe5 Rd6 55. Qd4 Qe7 56. Qa7+ Ke8 57. Qd4 Qe1+ 58. Kg2 Qe2+ 59. Kg3
Qe1+ 60. Rf2 Qg1+ 0-1

[Event "13. Sparkassen Open 2014 - Gruppe B"]
[Site "Forchheim"]
[Date "2014.10.04"]
[Round "4.47"]
[White "Weber, Alexander"]
[Black "Nagy, Laszlo"]
[Result "1-0"]
[WhiteElo "1700"]
[BlackElo "1966"]
[PlyCount "31"]
[EventDate "2014.??.??"]

1. e4 d5 2. exd5 Nf6 3. d4 Nxd5 4. c4 Nb6 5. Nc3 Nc6 6. Be3 Bf5 7. a3 g6 8. g4
Bc8 9. h3 Bg7 10. Nf3 e5 11. d5 Ne7 12. a4 a5 13. Bc5 O-O 14. d6 cxd6 15. Qxd6
Nc6 16. Qxd8 1-0

[Event "13. Sparkassen Open 2014 - Gruppe B"]
[Site "Forchheim"]
[Date "2014.10.04"]
[Round "4.49"]
[White "Walch, Roger"]
[Black "Wagner, Leopold Franziskus"]
[Result "1/2-1/2"]
[WhiteElo "1740"]
[BlackElo "1681"]
[PlyCount "32"]
[EventDate "2014.??.??"]

1. e4 c6 2. d4 d5 3. e5 Bf5 4. Nf3 h6 5. Be2 e6 6. O-O Bb4 7. c3 Ba5 8. Nbd2
Ne7 9. b4 Bb6 10. a4 a6 11. Nh4 Bh7 12. g3 Nd7 13. Kh1 Nf5 14. Ng2 O-O 15. a5
Ba7 16. Ne3 f6 {Notationsfehler. Remis im 62. Zug.} 1/2-1/2

[Event "13. Sparkassen Open 2014 - Gruppe B"]
[Site "Forchheim"]
[Date "2014.10.04"]
[Round "4.50"]
[White "Lehmann, Tornalf"]
[Black "Gheng, Christian"]
[Result "1-0"]
[WhiteElo "1640"]
[BlackElo "1639"]
[PlyCount "42"]
[EventDate "2014.??.??"]

1. e4 c5 2. d4 cxd4 3. c3 d3 4. Bxd3 g6 5. Nf3 Bg7 6. O-O d6 7. Na3 Nc6 8. Bc4
e6 9. Nb5 d5 10. exd5 exd5 11. Bxd5 Nge7 12. Bxc6+ bxc6 13. Qxd8+ Kxd8 14. Nd6
Be6 15. Ng5 Rf8 16. Nxh7 Rh8 17. Ng5 Rf8 18. Nxe6+ fxe6 19. Bg5 Be5 20. Rad1
Bxd6 21. Rxd6+ Ke8 1-0

[Event "13. Sparkassen Open 2014 - Gruppe B"]
[Site "Forchheim"]
[Date "2014.10.04"]
[Round "4.51"]
[White "Flüchter, Markus"]
[Black "Fritsch, Julian"]
[Result "1-0"]
[WhiteElo "1674"]
[BlackElo "1516"]
[PlyCount "84"]
[EventDate "2014.??.??"]

1. e4 d6 2. d4 g6 3. Nc3 Bg7 4. Be3 Nf6 5. f3 O-O 6. Qd2 e5 7. d5 c6 8. O-O-O
cxd5 9. Nxd5 Nc6 10. Nxf6+ Qxf6 11. Qxd6 Qxd6 12. Rxd6 Be6 13. b3 Rac8 14. Bc5
Rfd8 15. Rxd8+ Rxd8 16. Bd3 b6 17. Ba3 f5 18. Ne2 fxe4 19. Bxe4 Nd4 20. Nc3 Kf7
21. Bd3 Bf5 22. Ne4 Bxe4 23. Bxe4 Ne2+ 24. Kb2 a5 25. Re1 Nf4 26. g3 Ne6 27.
Kc1 b5 28. c3 Bh6+ 29. Kb1 Rd2 30. h4 Rg2 31. Bd5 Rxg3 32. Rxe5 Rg1+ 33. Kc2
Rg2+ 34. Kd1 Rxa2 35. Bc5 Ra1+ 36. Ke2 Ra2+ 37. Kf1 Ra1+ 38. Kg2 Ra2+ 39. Kh3
Bf4 40. Rxe6 Rh2+ 41. Kg4 h5+ 42. Kxf4 Rxh4+ 1-0